|
|
|
|
| LEADER |
00000nam2a2200000 4500 |
| 001 |
621452 |
| 005 |
20231102023920.0 |
| 035 |
|
|
|a (RuTPU)RU\TPU\conf\20054
|
| 090 |
|
|
|a 621452
|
| 100 |
|
|
|a 20161227d2016 k y0rusy50 ca
|
| 101 |
0 |
|
|a rus
|
| 102 |
|
|
|a RU
|
| 105 |
|
|
|a a z 101zy
|
| 135 |
|
|
|a drcn ---uucaa
|
| 181 |
|
0 |
|a i
|
| 182 |
|
0 |
|a b
|
| 200 |
0 |
|
|a Т. 1
|
| 203 |
|
|
|a Текст
|c электронный
|
| 210 |
|
|
|d 2016
|
| 230 |
|
|
|a 1 компьютерный файл (pdf; 11,8 MB)
|
| 300 |
|
|
|a Заглавие с титульного экрана
|
| 330 |
|
|
|a Настоящий сборник содержит материалы IV Международного молодежного форума "Интеллектуальные энергосистемы", проведенного 10 - 14 октября 2016 г. на базе Энергетического института Томского политехнического университета, при поддержке Российского Фонда Фундаментальных Исследований.
|
| 461 |
|
1 |
|0 (RuTPU)RU\TPU\conf\20053
|t Интеллектуальные энергосистемы
|o труды IV Международного молодёжного форума, 10-14 октября 2016 г., г. Томск
|o в 3 т.
|f Национальный исследовательский Томский политехнический университет (ТПУ), Энергетический институт (ЭНИН)
|v Т. 1
|d 2016
|
| 606 |
1 |
|
|a Энергетические системы
|2 stltpush
|3 (RuTPU)RU\TPU\subj\21249
|9 46268
|
| 610 |
1 |
|
|a конференции
|
| 610 |
1 |
|
|a труды учёных ТПУ
|
| 610 |
1 |
|
|a электронный ресурс
|
| 610 |
1 |
|
|a энергосистемы
|
| 610 |
1 |
|
|a моделирование
|
| 610 |
1 |
|
|a электроэнергетические системы
|
| 610 |
1 |
|
|a релейная защита
|
| 610 |
1 |
|
|a автоматика
|
| 610 |
1 |
|
|a энергоснабжение
|
| 610 |
1 |
|
|a высоковольтная электротехника
|
| 610 |
1 |
|
|a тепловые электростанции
|
| 610 |
1 |
|
|a атомные электростанции
|
| 610 |
1 |
|
|a энергетическое машиностроение
|
| 610 |
1 |
|
|a топливо
|
| 610 |
1 |
|
|a теплофизика
|
| 610 |
1 |
|
|a теплотехника
|
| 610 |
1 |
|
|a теплообменные процессы
|
| 610 |
1 |
|
|a теплоперенос
|
| 610 |
1 |
|
|a эффективность
|
| 675 |
|
|
|a 621.311(063)
|v 3
|
| 801 |
|
2 |
|a RU
|b 63413507
|c 20170124
|g RCR
|
| 856 |
4 |
|
|u http://earchive.tpu.ru/handle/11683/36160
|
| 942 |
|
|
|c BK
|